|
|
|
|
| LEADER |
00000nam a22000007a 4500 |
| 005 |
20140501004914.0 |
| 007 |
cr|||| |||| |
| 008 |
140501s2014 es |||||s|||| 00||0 spa d |
| 020 |
|
|
|a 978-84-9031-911-6
|
| 035 |
|
|
|a 12082
|
| 040 |
|
|
|a vLex
|
| 090 |
|
|
|c 4877
|d 4877
|
| 245 |
0 |
0 |
|a Relaciones laborales y empleados del hogar
|h [Recurso electrn̤ico] :
|b reflexiones jurd̕icas
|
| 256 |
|
|
|a Servicio en ln̕ea
|
| 260 |
|
|
|a Madrid:
|b Dykinson,
|c 2014
|
| 300 |
|
|
|a 1 recurso electrn̤ico
|
| 500 |
|
|
|a Los empleados del hogar han sido tradicionalmente objeto de un tratamiento normativo especf̕ico que los ha distinguido del resto de trabajadores por cuenta ajena. Pese a que las l︢timas reformas jurd̕icas operadas han tratado de acercar las condiciones de los empleados del hogar al resto de trabajadores, los avances conseguidos an︢ resultan insuficientes. La presente obra analiza en clave jurd̕ica, y desde un enfoque multidisciplinar, las razones histr̤icas que han llevado a la consolidacin̤ de este trato diferenciado, as ̕como el rǧimen normativo aplicable en la actualidad a los empleados del hogar en los diferentes m̀bitos del Derecho. Los distintos estudios que componen la obra examinan con rigor y detalle la realidad jurd̕ica de los empleados del hogar desde el m̀bito de la Historia del Derecho, del Derecho del Trabajo y de la Seguridad Social, del Derecho Financiero y Tributario y del Derecho Penal. Y todo ello con un props̤ito comn︢, limitar adecuadamente el alcance y contenido del marco regulatorio de este colectivo de trabajadores, para, una vez delimitado, realizar propuestas de carc̀ter transversal que posibiliten definitivamente a los empleados del hogar equipararse en derechos al resto de trabajadores por cuenta ajena.
|
| 506 |
1 |
|
|a Disponible solo en los productos indicados
|d vLex Global
|d vLex Global (Academic Edition, excluding Law Schools)
|d vLex Global (U.S. Academic Edition, Law Schools)
|d vLex Global (U.S. Academic Edition, excluding Law Schools)
|d vLex Global (Academic Edition, Law Schools)
|
| 650 |
0 |
4 |
|a Derecho Laboral y Seguridad Social
|z Espaą
|
| 740 |
0 |
|
|a vLex Libros (Servicio en ln̕ea)
|
| 856 |
4 |
0 |
|u http://vlex.com/source/relaciones-laborales-y-empleados-del-hogar-reflexiones-juridicas-12082
|z Acceso restringido
|
| 942 |
|
|
|c BOOK
|
| 999 |
0 |
|
|a Labor Law and Social Security
|